Candidats de Koh-Lanta #1(Saisons 1 à 27) - Statistiques

Statistiques générales
  • Ce quiz a été pris 443 fois
  • Le résultat moyen est 283 sur 493
Statistiques - réponses
Saisons Candidats % Correct
AS3 La revanche des héros | AS6 L'île des héros | AS7 La légende | Viêtnam Claude
90%
L'île au trésor Lau
87%
Les armes secrète Laure
86%
AS6 L'île des héros | LADKL | Les armes secrète | +2 others Marie
85%
AS3 La revanche des héros | Caramoan Bertrand
83%
AS1 Le retour des héros | AS5 Le combat des héros | AS7 La légende | Pacifique Clémence
83%
AS4 La nouvelle édition | AS7 La légende | L'île au trésor | +3 others Laurent
83%
Vanuatu Nico
83%
AS4 La nouvelle édition | AS7 La légende Phil
83%
AS6 L'île des héros | Johor | L'île au trésor | Raja Ampat Benoît
82%
AS3 La revanche des héros | La guerre des chefs | Nicoya | +2 others Nicolas
82%
AS6 L'île des héros | AS7 La légende | Bocas del toro | +3 others Alexandra
81%
AS7 La légende | Fidji | La guerre des chefs | Raja Ampat Maxime
81%
AS5 Le combat des héros | Bocas del toro | L'île au trésor Julie
80%
AS1 Le retour des héros | Bocas del toro | Malaisie | +2 others Philippe
79%
AS3 La revanche des héros | AS4 La nouvelle édition | AS6 L'île des héros | +2 others Teheiura
79%
Les 4 terres François
78%
Cambodge | Caramoan | La guerre des chefs | Les armes secrète Frédéric
77%
AS5 Le combat des héros | Palau | Thaïlande Pascal
77%
Bocas del toro | Cambodge | Fidji | +3 others Sébastien
77%
AS7 La légende | Johor | Les 4 terres Loïc
76%
AS1 Le retour des héros | AS4 La nouvelle édition | Bocas del toro Moundir
76%
AS6 L'île des héros | AS7 La légende Sam
76%
AS5 Le combat des héros | L'île au trésor Jérémy
75%
AS3 La revanche des héros | AS7 La légende | Palau | Palawan Patrick
75%
Palawan Ali
74%
AS2 Le choc des héros | AS3 La revanche des héros | AS4 La nouvelle édition | +3 others Freddy
74%
Johor Marc
74%
La guerre des chefs | Les 4 terres | Malaisie Brice
73%
AS7 La légende | Malaisie Ugo
73%
Bocas del toro | La guerre des chefs | Palau Alexandre
72%
AS5 Le combat des héros | AS7 La légende | Cambodge Clémentine
72%
AS2 Le choc des héros | AS3 La revanche des héros | AS7 La légende | Pacifique Coumba
72%
AS1 Le retour des héros | AS7 La légende | Palawan Jade
72%
AS6 L'île des héros | Caramoan | Johor Jessica
72%
Fidji Mel
72%
AS3 La revanche des héros | AS6 L'île des héros | Bocas del toro Moussa
72%
AS4 La nouvelle édition Philippe
72%
AS6 L'île des héros Inès
71%
AS4 La nouvelle édition | Raja Ampat Martin
71%
AS5 Le combat des héros | Johor Chantal
70%
AS2 Le choc des héros | La guerre des chefs | Pacifique Mohamed
70%
Cambodge | Les armes secrète Vincent
70%
Les 4 terres Bertrand Kamal
69%
AS5 Le combat des héros | AS7 La légende | Bocas del toro | +2 others Candice
69%
Fidji | LADKL | Thaïlande Romain
69%
Fidji André
68%
AS3 La revanche des héros | La guerre des chefs | Nicoya Maud
68%
AS7 La légende | La guerre des chefs Cindy
67%
Les armes secrète Maxine
67%
AS1 Le retour des héros | Nicoya Amel
66%
AS1 Le retour des héros | AS7 La légende | Caramoan Christelle
66%
Viêtnam Frédérique
66%
Raja Ampat Gérard
66%
AS2 Le choc des héros | Palawan Grégoire
66%
AS3 La revanche des héros | AS4 La nouvelle édition | Bocas del toro | +3 others Isabelle
66%
L'île au trésor Jesta
66%
Palau | Thaïlande Julien
66%
L'île au trésor | Les armes secrète | Malaisie | Palau Myriam
66%
Fidji | Les armes secrète Thomas
66%
AS5 Le combat des héros | Johor | Panama Alban
65%
Les 4 terres | Les armes secrète | Pacifique Mathieu
65%
AS5 Le combat des héros | Raja Ampat Olivier
65%
AS2 Le choc des héros | Caramoan | Johor Christophe
64%
AS4 La nouvelle édition | Thaïlande | Viêtnam Laurence
64%
Viêtnam Aurélie
63%
Cambodge Mathilde
63%
AS5 Le combat des héros | Johor Cédric
62%
AS5 Le combat des héros | Cambodge Dylan
62%
Les 4 terres Lola
62%
Panama Raphaël
62%
AS4 La nouvelle édition | AS6 L'île des héros | Malaisie Sara
62%
Caramoan | Thaïlande | Vanuatu | Viêtnam Alain
61%
AS7 La légende | Les 4 terres Alix
61%
Malaisie | Nicoya Bernard
61%
Johor | L'île au trésor Bruno
61%
Les 4 terres Dorian
61%
AS1 Le retour des héros | La guerre des chefs | Vanuatu Émilie
61%
Fidji Fabian
61%
Cambodge Franck
61%
Thaïlande Gabriel
61%
AS5 Le combat des héros | Malaisie Javier
61%
Les armes secrète Lucie
61%
Thaïlande Wendy
61%
Cambodge Yves
61%
Malaisie Camille
60%
AS6 L'île des héros Charlotte
60%
AS7 La légende | Thaïlande Karima
60%
AS6 L'île des héros Naoil
60%
AS5 Le combat des héros | Caramoan | Panama | Vanuatu Nathalie
60%
La guerre des chefs | Nicoya Xavier
60%
AS5 Le combat des héros | Thaïlande Cassandre
59%
AS6 L'île des héros Eric
59%
Palawan Kevin
59%
Les armes secrète Magali
59%
AS3 La revanche des héros | Fidji | Palau | Viêtnam Marine
59%
AS3 La revanche des héros | LADKL | Raja Ampat Patricia
59%
AS5 Le combat des héros | Fidji Tiffany
59%
AS4 La nouvelle édition | Raja Ampat Florence
58%
Johor Jeff
58%
Fidji | Malaisie | Palawan Mélanie
58%
Johor Mélissa
58%
Bocas del toro | L'île au trésor | La guerre des chefs | Panama Sophie
58%
Cambodge Bastien
57%
Caramoan | Les 4 terres | Thaïlande Carole
57%
Cambodge | Palau Claire
57%
Les 4 terres Fabrice
57%
AS3 La revanche des héros | Pacifique Francis
57%
LADKL Gilles
57%
AS7 La légende | Malaisie Namadia
57%
Fidji | L'île au trésor Sandrine
57%
AS6 L'île des héros | Bocas del toro | Caramoan Valérie
57%
La guerre des chefs | Les 4 terres Angélique
56%
La guerre des chefs | Nicoya Béatrice
56%
AS1 Le retour des héros | Malaisie | Panama | +2 others Catherine
56%
Nicoya | Thaïlande Céline
56%
La guerre des chefs | Palawan Chloé
56%
AS6 L'île des héros | Bocas del toro | Fidji Delphine
56%
AS1 Le retour des héros | L'île au trésor | LADKL Jean Luc
56%
Cambodge Maria
56%
Malaisie | Pacifique Thierry
56%
Pacifique | Palawan | Viêtnam Véronique
56%
AS6 L'île des héros Ahmad
55%
La guerre des chefs | Les armes secrète Aurélien
55%
Thaïlande Cécilia
55%
AS2 Le choc des héros | AS4 La nouvelle édition | Palau Christina
55%
La guerre des chefs Cyril
55%
AS5 Le combat des héros | Cambodge Yassin
55%
Malaisie Charles
54%
AS5 Le combat des héros | Vanuatu Ludovic
54%
L'île au trésor | LADKL Stéphane
54%
Les 4 terres | Palawan Adrien
53%
Malaisie | Palau | Raja Ampat Anthony
53%
Raja Ampat Gégé
53%
AS3 La revanche des héros | Viêtnam Wafa
53%
Les 4 terres Hadja
52%
L'île au trésor | Pacifique Jérôme
52%
Johor Manon
52%
AS6 L'île des héros | Caramoan Régis
52%
Les 4 terres Samuel
52%
AS1 Le retour des héros | Bocas del toro Antoine
51%
Les armes secrète Arnaud
51%
AS4 La nouvelle édition | LADKL Sandra
51%
Raja Ampat | Thaïlande Steve
51%
Raja Ampat | Viêtnam Virginie
51%
LADKL William
51%
Les 4 terres Ava
50%
Fidji | Nicoya | Pacifique | Raja Ampat Caroline
50%
LADKL David
50%
AS3 La revanche des héros | LADKL Guénaëlle
50%
Vanuatu Karine
50%
Raja Ampat Lisa
50%
Fidji Magalie
50%
Malaisie Vanessa
50%
La guerre des chefs Victor
50%
Johor Corinne
49%
Les armes secrète Jonathan
49%
AS1 Le retour des héros | Panama Romuald
49%
Palawan Simon
49%
Vanuatu François David
48%
AS1 Le retour des héros François-David
48%
Cambodge Kelly
48%
AS3 La revanche des héros | Palau Fabienne
47%
Viêtnam Jean Pierre
47%
AS6 L'île des héros Joseph
47%
Fidji Manu
47%
AS5 Le combat des héros | Palau Raphaële
47%
Cambodge Sandro
47%
Viêtnam Valentin
47%
Pacifique Alexis
46%
Les 4 terres Aubin
46%
Raja Ampat Ella
46%
Viêtnam Kunlé
46%
Thaïlande Laureen
46%
L'île au trésor Yannick
46%
Thaïlande Carine
45%
La guerre des chefs Carinne
45%
Pacifique Christine
45%
La guerre des chefs Clo
45%
Cambodge Corentin
45%
Les 4 terres Joaquina
45%
Les 4 terres Marie France
45%
Bocas del toro Michel
45%
Johor Nessim
45%
Les armes secrète Shanice
45%
Les 4 terres Diane
44%
Les 4 terres | Vanuatu Estelle
44%
Nicoya | Pacifique Pierre
44%
Caramoan Charlène
43%
Caramoan Christopher
43%
Les armes secrète | Malaisie Élodie
43%
AS1 Le retour des héros | Palawan Filomène
43%
LADKL Gaël
43%
Les armes secrète Hervé
43%
AS6 L'île des héros Pholien
43%
La guerre des chefs Steeve
43%
Bocas del toro | Pacifique Sylvie
43%
Johor Babeth
42%
Johor Charlaine
42%
Raja Ampat Naouel
42%
Thaïlande Charlie
41%
LADKL Françoise
41%
Thaïlande Lolo
41%
Viêtnam Boris
40%
LADKL | Panama Guillaume
40%
Bocas del toro Hélène
40%
AS2 Le choc des héros | Bocas del toro | Panama Linda
40%
Cambodge Sabine
40%
Viêtnam Vivien
40%
Thaïlande Amir
39%
Cambodge Brahma
39%
Les 4 terres Jody
39%
Johor Margot
39%
Palawan Maryline
39%
Malaisie Marylou
39%
L'île au trésor Amandine
38%
Panama Amélie
38%
L'île au trésor Ludivine
38%
Viêtnam Abdellah
37%
Viêtnam Audrey
37%
LADKL Géraldine
37%
AS1 Le retour des héros | Caramoan | Panama Jean Bernard
37%
Palau Rodolphe
37%
AS6 L'île des héros Claudia
36%
Cambodge Hada
36%
Thaïlande Huw
36%
Palau Kader
36%
Fidji Marguerite
36%
L'île au trésor Béryl
35%
Les armes secrète Flavio
35%
Vanuatu Gaëlle
35%
Palau Joëlle
35%
Les armes secrète Laëtitia
35%
Johor Marie-Anne
35%
Fidji May
35%
Malaisie Mickaël
35%
La guerre des chefs Aliséa
34%
Cambodge Félicie
34%
Viêtnam Jennifer
34%
Cambodge Manuella
34%
Nicoya Marianne
34%
Cambodge Marjorie
34%
AS2 Le choc des héros Myriam Lamare
34%
Malaisie Nadine
34%
Raja Ampat Délisia
33%
AS2 Le choc des héros Frank Lebœuf
33%
Les armes secrète Gabin
33%
Palau Louis Laurent
33%
Thaïlande Marius
33%
Fidji Marvyn
33%
Fidji Tugdual
33%
Palawan Érick
32%
Vanuatu Jean Claude
32%
AS2 Le choc des héros Taïg Khris
32%
Nicoya François Xavier
31%
Caramoan Hakim
31%
LADKL Michèle
31%
Fidji Théotime
31%
LADKL Harry
30%
Palawan Pascale
30%
AS2 Le choc des héros Betty Lise
29%
Caramoan Morgane
28%
AS2 Le choc des héros Frédérique Jossinet
27%
Vanuatu Mama
27%
Les armes secrète Sylviane
27%
AS2 Le choc des héros Gwendal Peizerat
25%
Palau Kaouther
25%
Pacifique Sakhone
25%
Pacifique Aude
24%
Caramoan Irya
24%
Fidji Marta
24%
Bocas del toro Richard
24%
Nicoya Adonis
23%
AS2 Le choc des héros Djamel Bouras
23%
Palawan Marie-Laure
23%
Caramoan Céga
22%
Nicoya Jacky
22%
Panama Odile
21%
Vanuatu Mika
20%
Nicoya Nelly
19%
Pacifique Eliane
18%
Nicoya Jimmy
18%
Pacifique Marie Cécile
18%
Panama Sabira
18%
Panama Vicky
17%
Panama Vidéli
17%
Panama Nelson
16%
Aucun quiz correspondant
Distribution des résultats
% des personnes avec chaque résultat
Percentile par nombre de réponses
Votre historique - résultats
Vous n’avez pas pris ce quiz